00728nam a2200217 i 450000100060000000300080000600500170001400800410003102000280007203500190010004000230011904100080014208200250015024500960017526000440027130000210031550400410033665000350037765100690041270000290048136358BD-RjUL20211209052456.0140622s1977 cau b 000 0 eng  a0716701944.a0716701936 a(BD-RjUL)36455 aDLCcDLCdDLCbeng aeng00a320.973092bPOL 197704aThe Politics of policy making in America :bfive case studies /cedited by David A. Caputo. aSan Francisco :bW. H. Freeman,cc1977. a189 p. ;c24 cm. aIncludes bibliographical references. 0aPolicy sciencesxCase studies. 0aUnited StatesxPolitics and governmenty1945-1989xCase studies.1 aCaputo, David A.,d1943-